| 000 | 00372nam a22001457a 4500 | ||
|---|---|---|---|
| 999 |
_c8791 _d8791 |
||
| 003 | OSt | ||
| 008 | 200710b ||||| |||| 00| 0 eng d | ||
| 100 | _aBhushan & Bidya | ||
| 245 | _aPharmaceutical Organic Chemistry 1 | ||
| 250 | _a2019 | ||
| 260 |
_aN Delhi _bNirali Prakashan _c2019 |
||
| 300 | _a8.18 | ||
| 650 | _aPharmaceutical Organic Chemistry | ||
| 942 |
_2ddc _cBK _024 |
||